[Event "CADAP MLP-02/2003 email"]
[Site "CADAP email"]
[Date "2004.03.24"]
[Round "?"]
[White "Salcedo Montoya, D."]
[Black "Martins Mesquita, U."]
[Result "0-1"]
[WhiteElo "2000"]
[BlackElo "2458"]
[PlyCount "56"]
[EventDate "2005.??.??"]
[EventType "tourn (corr)"]
[EventRounds "14"]
[EventCountry "ARG"]
[SourceTitle "Corr 2008"]
[Source "ChessBase"]
[SourceDate "2008.06.24"]
[SourceVersion "1"]
[SourceVersionDate "2008.06.24"]
[SourceQuality "1"]

1. e4 d6 2. d4 Nf6 3. Nc3 g6 4. f4 Bg7 5. Nf3 0-0 6. Bd3 Na6 7. 0-0 c5 8. d5 Rb8 9. Qe2 Nc7 10. a4 b6 11. Nb5 a6 12. Nxc7 Qxc7 13. Re1 a5 14. c4 e5 15. fxe5 dxe5 16. Bd2 Nh5 17. Rad1 Nf4 18. Bxf4 exf4 19. e5 Bg4 20. d6 Qd7 21. h3 Bh5 22. Be4 Rbe8 23. Rd5 Kh8 24. b3 Re6 25. Qd2 f6 26. Qxf4 fxe5 27. Qd2 Bxf3 28. Bxf3 Ree8 0-1

[Event "CADAP MLP-02/2003 email"]
[Site "CADAP email"]
[Date "2004.??.??"]
[Round "?"]
[White "Salcedo Montoya, D."]
[Black "Campos Mosqueira, Juan Carlos"]
[Result "0-1"]
[WhiteElo "2000"]
[BlackElo "2000"]
[PlyCount "38"]
[EventDate "2005.??.??"]
[EventType "tourn (corr)"]
[EventRounds "14"]
[EventCountry "ARG"]
[SourceTitle "Corr 2008"]
[Source "ChessBase"]
[SourceDate "2008.06.24"]
[SourceVersion "1"]
[SourceVersionDate "2008.06.24"]
[SourceQuality "1"]

1. e4 c5 2. Nf3 d6 3. d4 cxd4 4. Nxd4 Nf6 5. Nc3 a6 6. Bg5 e6 7. f4 Qb6 8. Qd2 Qxb2 9. Rb1 Qa3 10. Be2 Nbd7 11. 0-0 Qc5 12. Kh1 Be7 13. f5 e5 14. Ne6 fxe6 15. fxe6 Nf8 16. Bxf6 Bxf6 17. Rxf6 Bxe6 18. Bh5+ g6 19. Be2 Qd4 0-1